00342nam a2200121Ia 4500008004100000020001300041050001500054100002800069245004700097260003900144300002400183650001300207150202s9999 xx 000 0 und d a61041653 aFIC bFIC  aBuckley, William F. Jr. aTucker's Last Stand /cWilliam F. Buckley. aNew York :bStripped Books,c1990. a340 pages :c18 cm. aFiction.